Prítomnosť myrozinázy vo vybraných rastlinných modeloch a vláknitých hubách: stanovenie aktivity a charakterizácia enzýmu.

Salvato in:
Dettagli Bibliografici
Autore principale: Mišíková, Miroslava (Autore)
Altri autori: Varečka, Ľudovít (Relatore della tesi)
Natura: Manoscritto Libro
Lingua:slovacco
Pubblicazione: 2018
Soggetti:
Accesso online:http://is.stuba.sk/zp/portal_zp.pl?podrobnosti=145618
Tags: Aggiungi Tag
Nessun Tag, puoi essere il primo ad aggiungerne!!

MARC

LEADER 00000ntm a22000003a 4500
001 stuzp70005
003 SK-STU
005 20180623211309.5
007 ta
008 150427s2015----xo-----f-mn---000-0-slo-d
040 |a STU  |b slo 
041 0 |a slo 
100 1 |a Mišíková, Miroslava  |u 043000  |4 aut  |U FCHPT Fakulta chemickej a potravinárskej technológie  |T FCHPT Ústav biochémie a mikrobiológie  |X 76209  |U C3000  |Y 101  |7 76209 
242 0 1 |a Myrosinase activity in selected plant models and filamentous fungi: enzyme activity determination and characterization  |y eng 
245 1 0 |a Prítomnosť myrozinázy vo vybraných rastlinných modeloch a vláknitých hubách: stanovenie aktivity a charakterizácia enzýmu. 
260 |c 2018 
650 4 |a myrozináza  |2 slo 
650 4 |a brokolica  |2 slo 
650 4 |a ružičkový kel  |2 slo 
650 4 |a kaleráb  |2 slo 
650 4 |a tabak  |2 slo 
650 4 |a žerucha  |2 slo 
650 4 |a vláknité huby  |2 slo 
650 4 |a glukozinoláty  |2 slo 
650 4 |a lepidium  |2 eng 
650 4 |a filamentous fungi  |2 eng 
650 4 |a glucosinolates  |2 eng 
650 4 |a myrosinase  |2 eng 
650 4 |a tobacco  |2 eng 
650 4 |a broccoli  |2 eng 
650 4 |a brussels sprouts  |2 eng 
650 4 |a kohlrabi  |2 eng 
700 1 |a Varečka, Ľudovít  |u 043000  |k Z1  |4 ths  |U FCHPT Fakulta chemickej a potravinárskej technológie  |T FCHPT Ústav biochémie a mikrobiológie  |X 4512  |U C3000  |Y 101  |7 A000004512 
856 4 |u http://is.stuba.sk/zp/portal_zp.pl?podrobnosti=145618